000 00607nam a2200217Ia 4500
005 20250508165513.0
008 008 250505s9999 xx 000 0 hin d
020 _a978-81-8717-04-1
037 _aReference
040 _aFEDL
_beng
_cFEDL
041 _ahin
_2hin
084 _a370, EKL/RR
_qFEDL
100 _aGupta Arvind
245 0 _aKhilonon ka basta: Vigyan ke kuchh saste saral aur rochak khilone
245 0 _cEklavya
260 _aBhopal, India
_bEklavya Prakashan
_c1991
300 _a67p.
365 _aINR
_b30
942 _cREF
_h370, EKL/RR
999 _c1395511
_d1395511